000 00698nam a2200289Ia 4500
005 20260324133418.0
008 008 260324s9999 xx 000 0 eng d
020 _a9781315046198
037 _aEBOOK
040 _aCRL
040 _beng
040 _cCRL
041 _2eng
041 _aeng
084 _qCRL
100 _aEdwin S. Ellis; Marcia L. Rock
_91193002
245 0 _aAcademic Strategy Instruction
245 2 _bA Special Issue of Exceptionality
260 _bTaylor and Francis
260 _c2003
365 _a
365 _b120
856 _uhttp://www.taylorfrancis.com/books/9781315046198
942 _cEBOOK
999 _c1791998
_d1791998